01556nam a2200349Ia 4500001001100000003000800011006001900019007001500038008004100053040002100094035002100115050002500136100001400161240004200175245006000217260009500277300000900372500015600381500004800537533015200585650003600737650002500773655002900798700008800827700001900915700003600934710005700970710002201027710001701049856012501066999001501191ebr5000588CaPaEBRm u cr cn|||||||||100920r20011996inu s 000 0 eng d aCaPaEBRcCaPaEBR a(OCoLC)68062924414aB570.L47bE52 2001eb0 aEpicurus.10aLetter to Menoeceus.lEnglish & Greek10aLetter on happinessh[electronic resource] /cEpicurus. a[South Bend, IN] :bInfomotions, Inc. ;a[Blacksburg, VA] :bVirginia Tech.,c2001, c1996. a4 p. a"Epicurus's "Letter to Menoeceus" is preserved in Diogenes Laertius's Lives of eminent philosophers. ... is from Robert Drew Hicks's 1925 translation." a"Text by James Fieser ... a working draft." aElectronic reproduction.bPalo Alto, Calif. :cebrary,d2010.nAvailable via World Wide Web.nAccess may be limited to ebrary affiliated libraries. 0aHappinessvEarly works to 1800. 0aPhilosophy, Ancient. 7aElectronic books.2local0 aDiogenes Laertius.tLives, teachings, and sayings of famous philosophers.lEnglish.1 aFieser, James.1 aHicks, Robert Drew,d1850-1929.2 aVirginia Polytechnic Institute and State University.2 aInfomotions, Inc.2 aebrary, Inc.40uhttp://site.ebrary.com/lib/rucke/Doc?id=5000588zAn electronic book accessible through the World Wide Web; click to view c2895d2895